000 00507nam a22001937a 4500
005 20260515114911.0
008 211122b ||||| |||| 00| 0 eng d
020 _a9789391060282
040 _aIN-DiNC
_cIN-DiNC
041 _dasm
082 _a891.4512
_bASO
245 _aAsomiya natak/
_cEdited by Ashim Chutia
250 _a1st ed.
260 _aDibrugarh:
_bBanalata,
_c2021
300 _a248p.
650 _aCritical essays on Assamese drama
700 _aChutia, Ashim
_eEditor
942 _2ddc
_cBK
999 _c11227
_d11227